Aerodrome principaux OACI France - Statistiques

Statistiques générales
  • Ce quiz a été pris 3 fois
  • Le résultat moyen est 16 sur 32
Statistiques - réponses
Ville Réponse % Correct
Bordeaux LFBD
100%
La Rochelle LFBH
100%
Toulouse-Blagnac LFBO
100%
Biarritz LFBZ
100%
Marseille LFML
100%
Nice LFMN
100%
Rennes LFRN
100%
Rodez LFCR
67%
Bastia LFKB
67%
Ajaccio LFKJ
67%
Chambery LFLB
67%
Clermont-Ferrand LFLC
67%
Cannes LFMD
67%
Montpellier LFMT
67%
Paris Le Bourget LFPB
67%
Toussus-Le-Noble LFPN
67%
Lille LFQQ
67%
Bâle-Mulhouse LFSB
67%
Strasbourg LFST
67%
Genève LSGG
67%
Annemasse LFLI
33%
Dijon LFSD
33%
Colmar LFGA
0%
Dôle LFGJ
0%
Annecy LFLP
0%
Valence LFLU
0%
Saint-Etienne LFMH
0%
Avignon LFMV
0%
Orléans LFOJ
0%
Tours LFOT
0%
Reims LFQA
0%
Brive LFSL
0%
Aucun quiz correspondant
Distribution des résultats
% des personnes avec chaque résultat
Percentile par nombre de réponses
Votre historique - résultats
Vous n’avez pas pris ce quiz